| 000 | 00435nam a2200169Ia 4500 | ||
|---|---|---|---|
| 003 | 0100 | ||
| 008 | 130307s9999 xx 000 0 und d | ||
| 040 | _cARRUPELIB | ||
| 050 | _aBX2435.H8 | ||
| 100 | _aHumphrey, William | ||
| 245 | 4 | _aThe religious state | |
| 245 | _ba digest of the doctrine of Suarez, contained in his treatise ''De statu religio | ||
| 260 | _aLondon | ||
| 260 | _bBurns Oates | ||
| 300 | _a3v. | ||
| 942 | 0 | 0 | _01 |
| 999 |
_c92251 _d92251 |
||